Using commerical resources in Family Planning communication programs: The Int. experience (Record no. 1450009)

MARC details
000 -LEADER
fixed length control field 00601nam a2200169Ia 4500
005 - DATE AND TIME OF LATEST TRANSACTION
control field 20250923145326.0
008 - FIXED-LENGTH DATA ELEMENTS--GENERAL INFORMATION
fixed length control field 008 250917s9999 xx 000 0 eng d
037 ## - SOURCE OF ACQUISITION
Stock number Textual
040 ## - CATALOGING SOURCE
Original cataloging agency DSWL
Language of cataloging eng
Transcribing agency DSWL
041 ## - LANGUAGE CODE
Language code of text/sound track or separate title eng
Source of code eng
084 ## - COLON CLASSIFICATION NUMBER
Classification number YX,A;5-POaY:393pf, N73
Assigning agency DSWL
245 #0 - TITLE STATEMENT
Title Using commerical resources in Family Planning communication programs: The Int. experience
Statement of responsibility, etc. Ed. by Michael Macmillan
260 ## - PUBLICATION, DISTRIBUTION, ETC.
Place of publication, distribution, etc. Honululu
Name of publisher, distributor, etc. East-West Communication Intstitute
Date of publication, distribution, etc. 1973
300 ## - PHYSICAL DESCRIPTION
Extent iv,140p.
942 ## - ADDED ENTRY ELEMENTS (KOHA)
Koha item type Textual
Classification part YX,A;5-POaY:393pf, N73
Holdings
Withdrawn status Lost status Damaged status Not for loan Home library Current library Date acquired Source of acquisition Inventory number Total Checkouts Full call number Barcode Date last seen Price effective from Koha item type
        Department of Social Work Library Department of Social Work Library 2025-09-23 Through Population Council New York U.S.A 10017 Gift   YX,A;5-POaY:393pf, N73 SW0017343 2025-09-23 2025-09-23 Textual
Copyright @ Delhi University Library System